| 000 | 00881cam a2200277 a 4500 | ||
|---|---|---|---|
| 020 | _a0134864409 (hard) | ||
| 020 | _a9780134864402 (hard) | ||
| 020 | _a0134864816 (Instructor's ed.) | ||
| 020 | _a9780134864815 (Instructor's ed.) | ||
| 020 | _a0135035821 (pbk) | ||
| 020 | _a9780135035825 (pbk) | ||
| 040 | _cDLC | ||
| 082 | _a658 PRE 1993 A051 Or. | ||
| 100 | 1 | _aGould, F. J. | |
| 245 | 1 | 0 | _aIntroductory management science / |
| 250 | _a4th ed., annotated instructor's ed. | ||
| 260 |
_aEnglewood Cliffs, N.J. : _bPrentice Hall, _cc1993. |
||
| 300 |
_axx, 810, [82] p. : _bill. ; _c29 cm. |
||
| 500 | _aDiskette (3 3/4 inch) entitled 'LINDO student version' enclosed inside back cover in pocket. | ||
| 500 | _aIncludes index. | ||
| 650 | 0 | _aManagement | |
| 650 | 0 | _aManagement science. | |
| 700 | 1 | _aEppen, Gary D., | |
| 700 | 1 | _aSchmidt, C. P. | |
| 942 | _cEK | ||
| 999 |
_c14840 _d14840 |
||